Catalog

Record Details

Catalog Search



Travelling Mathematics - The Fate of Diophantos' Arithmetic Cover Image E-book E-book

Travelling Mathematics - The Fate of Diophantos' Arithmetic [electronic resource] / by Ad Meskens.

Meskens, Ad. (author.). SpringerLink (Online service) (Added Author).

Record details

  • ISBN: 9783034606431
  • Physical Description: X, 210 p. online resource.
  • Publisher: Basel : Springer Basel, 2010.
Subject: Mathematics.
Mathematics_$xHistory.
Mathematics.
History of Mathematics.

Electronic resources


LDR 01346nam a22003735i 4500
00121233
003CONS
00520131218012802.0
007cr nn 008mamaa
008100927s2010 sz | s |||| 0|eng d
020 . ‡a9783034606431 ‡9978-3-0346-0643-1
0247 . ‡a10.1007/978-3-0346-0643-1 ‡2doi
035 . ‡a(DE-He213)978-3-0346-0643-1
050 4. ‡aQA21-27
072 7. ‡aPBX ‡2bicssc
072 7. ‡aMAT015000 ‡2bisacsh
1001 . ‡aMeskens, Ad. ‡eauthor.
24510. ‡aTravelling Mathematics - The Fate of Diophantos' Arithmetic ‡h[electronic resource] / ‡cby Ad Meskens.
264 1. ‡aBasel : ‡bSpringer Basel, ‡c2010.
300 . ‡aX, 210 p. ‡bonline resource.
336 . ‡atext ‡btxt ‡2rdacontent
337 . ‡acomputer ‡bc ‡2rdamedia
338 . ‡aonline resource ‡bcr ‡2rdacarrier
347 . ‡atext file ‡bPDF ‡2rda
4901 . ‡aScience Networks. Historical Studies ; ‡v41
650 0. ‡aMathematics.
650 0. ‡aMathematics_$xHistory.
65014. ‡aMathematics.
65024. ‡aHistory of Mathematics.
7102 . ‡aSpringerLink (Online service)
7730 . ‡tSpringer eBooks
77608. ‡iPrinted edition: ‡z9783034606424
830 0. ‡aScience Networks. Historical Studies ; ‡v41
85640. ‡uhttp://biblioteca.ipicyt.edu.mx:2048/login?url=http://dx.doi.org/10.1007/978-3-0346-0643-1 ‡yTexto completo ‡9CONS
950 . ‡aMathematics and Statistics (Springer-11649)
901 . ‡a21233 ‡b ‡c21233 ‡tbiblio ‡sSystem Local

Additional Resources